Normal view
MARC view
- Computer organization & Architecture
Entry Topical Term
001 - CONTROL NUMBER
- control field: 434
003 - CONTROL NUMBER IDENTIFIER
- control field: NUST
005 - DATE AND TIME OF LATEST TRANSACTION
- control field: 20170511121834.0
008 - FIXED-LENGTH DATA ELEMENTS
- fixed length control field: 170511|| aca||aabn | a|a d
040 ## - CATALOGING SOURCE
- Original cataloging agency: NUST
- Transcribing agency: NUST
150 ## - HEADING--TOPICAL TERM
- Topical term or geographic name entry element: Computer organization & Architecture
670 ## - SOURCE DATA FOUND
- Source citation: Work cat.: (NUST)23804: PB,815p Stalling William 433, Computer Organization & Architecture: Designing for Performance , 2003
